Score 0/13 Timer 10:00
0 Plays Today
Hint! Womble % Correct
OriginalGreat Uncle Bulgaria
91.5%
OriginalOrinoco
91.5%
OriginalTobermory
81.7%
OriginalTomsk
79.3%
OriginalWellington
78%
OriginalMadame Cholet
78%
OriginalBungo
67.1%
Second SeriesAlderney
54.9%
Second SeriesShansi
45.1%
Second SeriesStepney
40.2%
Second SeriesMiss Adelaide
37.8%
Second SeriesObidos
35.4%
Second SeriesCousin Cairngorm McWomble the Terrible
26.8%
Remove Ads.
Support Sporcle.
Get the best of Sporcle when you Go Orange. This ad-free experience offers more features, more stats, and more fun while also helping to support Sporcle. Thank you for becoming a member.

You're not logged in!

Compare scores with friends on all Sporcle quizzes.
OR
Log In

Show Comments

Extras

Created Oct 6, 2009ReportNominate
Tags:Remember, Womble

Top Quizzes Today


Score Distribution

Your Account Isn't Verified!

In order to create a playlist on Sporcle, you need to verify the email address you used during registration. Go to your Sporcle Settings to finish the process.

Report this User

Report this user for behavior that violates our Community Guidelines.

Details: